Carrière en 3 clubs – Saurez-vous retrouver ces joueurs ? - Statistiques

Statistiques générales
  • Ce quiz a été pris 107 fois
  • Le résultat moyen est 11 sur 30
Statistiques - réponses
Clubs (indice) Réponse Difficulté % Correct
FC Barcelone – PSG – Inter Miami Lionel Messi Facile
100%
Santos – FC Barcelone – PSG Neymar Facile
99%
Manchester United – Real Madrid – Juventus Cristiano Ronaldo Facile
94%
Lyon – Real Madrid – Al Ittihad Karim Benzema Facile
80%
Dortmund – Bayern Munich – FC Barcelone Robert Lewandowski Facile
65%
AC Milan – PSG – Chelsea Thiago Silva Facile
59%
Liverpool – Real Madrid – Bayern Munich Xabi Alonso Facile
55%
Fiorentina - AS Roma – Liverpool Mohamed Salah Facile
51%
US Palerme - PSG - AS Rome Javier Pastore Moyen
50%
Marseille – Bayern Munich – Fiorentina Franck Ribery Moyen
48%
Manchester United – Manchester City – Juventus Carlos Tevez Moyen
40%
AC Milan - Inter Milan - Juventus Andrea Pirlo Moyen
37%
River Plate - Atlético Madrid – AS Monaco Radamel Falcao Moyen
37%
Arsenal – Chelsea – FC Barcelone Cesc Fabregas Facile
35%
Werder Brême – Real Madrid – Arsenal Mesut Ozil Difficile
34%
Rennes – Chelsea – Arsenal Petr Cech Difficile
33%
AS Monaco - Parma – Juventus Lilian Thuram Difficile
27%
Schalke - FC Seville - FC Barcelone Ivan Rakitic Difficile
22%
Ajax – Inter Milan – Galatasaray Wesley Sneijder Moyen
22%
Ajax - Real Madrid - AC Milan Clarence Seedorf Moyen
21%
Nantes - Lyon - Malaga Jeremy Toulalan Impossible
21%
Juventus - PSG – Fiorentina Moise Kean Moyen
21%
PSG - Manchester United - Marseille Gabriel Heinze Difficile
18%
Auxerre – AS Rome – AC Milan Philippe Mexes Impossible
18%
Villarreal – Atlético Madrid - Inter Milan Diego Forlan Moyen
13%
Parma - Lazio – Inter Hernan Crespo Difficile
11%
Inter Zaprašić - FC Crotone - Osasuna Ante Budimir Impossible
10%
Newcastle - Manchester City - Liverpool James Milner Difficile
9%
Benfica – Fiorentina – AC Milan Rui Costa Difficile
9%
Everton - Chelsea - Nice Ross Barkley Impossible
7%
Aucun quiz correspondant
Distribution des résultats
% des personnes avec chaque résultat
Percentile par nombre de réponses
Votre historique - résultats
Vous n’avez pas pris ce quiz